000 02055 am a2200565 a 4500
005 20240522092913.0
008 100311s1993||||sp a f |||| 001 0 spa d
020 _a8428209243
041 _aspa
092 _c574.192
_l47
_sLEN
100 1 _aLehninger, Albert L.
_9394
245 _aPrincipios de Bioquímica /
_cAlbert L. Lehninger
250 _a2a ed.
_bTraducción Claudi M. Cuchillo Foix y Josep Vendrell i Roca
260 _aBarcelona:
_bOmega;
_c1993.
300 _a1013 p.
_bil.
500 _aLehninger, A. L., Nelson, D. L. y Cox, M. M. (1993). Principios de Bioquímica. (2a ed.). Barcelona : Omega.
590 _aDonación J. M. Alfonso, Mayo 2008
653 _aLógica molecular de la vida
653 _aCélulas
653 _aBiomoléculas
653 _aAgua: su efecto sobre las biomoléculas en disolución
653 _aAminoácidos y péptidos
653 _aProteínas
653 _aEstructura tridimensional de las proteinas
653 _aEnzimas
653 _aLípidos
653 _aMembranas biológicas y transporte
653 _aGlúcidos
653 _aNucleótidos y ácidos nucleicos
653 _aBioenergética
653 _aGlucólisis y catabolismo de las hexosas
653 _aCiclo del ácido cítrico
653 _aOxidación de los ácidos grasos
653 _aOxidación de aminoácidos y producción de urea
653 _aFosforilación oxidativa y fotofosforilación
653 _aBiosíntesis de glúcidos
653 _aBiosíntesis de lípidos
653 _aBiosíntesis de aminoácidos, nucleótidos y moléculas relacionadas
653 _aIntegración y regulación hormonal del metabolismo de los mamiferos
653 _aGenes y cromosomas
653 _aMetabolismo del DNA
653 _aMetabolismo del RNA
653 _aMetabolismo de proteínas
653 _aRegulación de la expresión génica
653 _aTecnología del DNA recombinante
700 1 _aNelson, David L.
_9395
700 1 _aCox, Michael M.
_9396
930 _a1933
942 _2ddc
_cBK
999 _c91
_d91